| Tag |
First Indicator |
Second Indicator |
Subfields |
| LEADER |
00000cam a2200000 4500 |
| 001 |
in00000040691 |
| 005 |
20151007064623.0 |
| 008 |
720811s1968 rur d 00000 rusr |
| 010 |
|
|
|a 73382615
|
| 035 |
|
|
|a (OCoLC)00378723
|
| 035 |
|
|
|9 AAE0247AM
|
| 040 |
|
|
|c OUN
|d TXA
|d UtOrBLW
|
| 049 |
|
|
|a TXAM
|c [703374]
|
| 050 |
0 |
0 |
|a PG2625
|b .O9 1968
|
| 100 |
1 |
|
|a Ozhegov, S. I.
|q (Sergeĭ Ivanovich),
|d 1900-1964.
|
| 245 |
1 |
0 |
|a Slovar russkogo iazyka.
|
| 250 |
|
|
|a Izd. 7-e, stereotipnoe.
|
| 264 |
|
1 |
|a Moskva :
|b "Sov. entsikl.,",
|c 1968.
|
| 300 |
|
|
|a 900 pages ;
|c 26 cm.
|
| 336 |
|
|
|a text
|b txt
|2 rdacontent
|
| 337 |
|
|
|a unmediated
|b n
|2 rdamedia
|
| 338 |
|
|
|a volume
|b nc
|2 rdacarrier
|
| 500 |
|
|
|a In Cyrillic characters.
|
| 650 |
|
0 |
|a Russian language
|v Dictionaries.
|
| 999 |
|
|
|a MARS
|
| 999 |
f |
f |
|s aeb23d7b-c1c5-3b02-900d-8477785e27db
|i 8171b1dd-8a41-373a-b28f-c5aa063e6897
|t 0
|
| 952 |
f |
f |
|p ric
|a Texas A&M University
|b Rellis Campus
|c Joint Library Facility
|s JLF
|d Remote Storage
|t 0
|e PG2625 .O9 1968
|h Library of Congress classification
|i unmediated -- volume
|m A14803615102
|
| 998 |
f |
f |
|a PG2625 .O9 1968
|t 0
|l Remote Storage
|